00263nam a2200097 a 4500008004100000050001700041100001700058245007200075260000900147350000900156091224s1986 xx |||||||||||||| || u aPAPERS/STAFF aLongwe, S. H10aReport on participation in the course on women, men and development c1986 a0.00